000 00560nam a22001937a 4500
005 20251108173028.0
008 250721s2004 xx 000 0 ara d
020 _a9957241680
082 1 4 _a364.36/جبا
100 1 _aالجبالي، حمزة
245 1 0 _aجرائم الأطفال و المراهقين /
264 1 _aعمان :
_bدار صفاء للنشر و التوزيع،
_c2004.
300 _a157 ص.
650 1 7 _aالجرائم
650 1 7 _aالأطفال
650 1 7 _aرعاية الطفولة
942 _2ddc
_cBK
999 _c94411
_d94411